000 00412nam a2200181Ia 4500
001 7981
005 20260306160535.0
008 260306t1973||||xx |||||||||||||| ||spa||
041 _aESP
082 _a366.09
_bM12
100 _aMackenzie, Norman
_eAUT
245 0 _aSociedades secretas
260 _c1973
300 _a309 páginas :
_c18 cm.
650 _aGEN
654 _aCHU
942 _cLIB
_dJUS
_fJUS
_2ddc
_n
999 _c7981
_d7981